Online
Catalog

El cónsul honorario ; (Record no. 36183)

MARC details
000 -CABECERA
campo de control de longitud fija 00902nam a2200265 a 4500
001 - NÚMERO DE CONTROL
campo de control 000036692
005 - FECHA Y HORA DE LA ÚLTIMA TRANSACCIÓN
campo de control 20200930075857.0
008 - DATOS DE LONGITUD FIJA--INFORMACIÓN GENERAL
campo de control de longitud fija 120125s1987 es 000 0 spa d
020 ## - NÚMERO INTERNACIONAL ESTÁNDAR DEL LIBRO
Número Internacional Estándar del Libro 8432223611
040 ## - FUENTE DE LA CATALOGACIÓN
Centro catalogador/agencia de origen DO-SdBNP
Lengua de catalogación spa
Centro/agencia transcriptor BNPHU
100 1# - ENTRADA PRINCIPAL--NOMBRE DE PERSONA
Nombre de persona Greene, Graham
Fechas asociadas al nombre 1904-1991.
9 (RLIN) 11990
240 10 - TÍTULO UNIFORME
Título uniforme The honorary consul ;
-- travels with my aunt
Lenguaje de la obra español
245 13 - MENCIÓN DE TÍTULO
Título El cónsul honorario ;
Resto del título Viajes con mi tía /
Mención de responsabilidad, etc. Graham Greene ; traducción de Enrique Pezzoni.
246 14 - FORMA VARIANTE DE TÍTULO
Título propio/Titulo breve Obras completas
250 ## - MENCIÓN DE EDICIÓN
Mención de edición 2a ed.
260 ## - PUBLICACIÓN, DISTRIBUCIÓN, ETC.
Lugar de publicación, distribución, etc. Barcelona :
Nombre del editor, distribuidor, etc. Seix Barral,
Fecha de publicación, distribución, etc. 1987.
300 ## - DESCRIPCIÓN FÍSICA
Extensión v. ;
Dimensiones 23 cm.
490 1# - MENCIÓN DE SERIE
Mención de serie Suma literaria
Designación de volumen o secuencia 9
500 ## - NOTA GENERAL
Nota general La biblioteca posee el v. 2
505 0# - NOTA DE CONTENIDO CON FORMATO
Información miscelánea v. 2 --
Título Narrativa completa
563 ## - NOTA DE ENCUADERNACIÓN
Nota de encuadernación Dos obras con encuadernación juntas con paginación continua
700 12 - PUNTO DE ACCESO ADICIONAL--NOMBRE DE PERSONA
Nombre de persona Pezzoni, Enrique
9 (RLIN) 62981
740 12 - PUNTO DE ACCESO ADICIONAL--TÍTULO RELACIONADO O ANALÍTICO NO CONTROLADO
Título relacionado o analítico no controlado Viajes con mi tía
830 #0 - PUNTO DE ACCESO ADICIONAL DE SERIE-TÍTULO UNIFORME
Título uniforme Suma literaria
Designación de volumen o secuencia 9
9 (RLIN) 62982
Holdings
Estado de retiro Estado de pérdida Restricciones de uso No para préstamo Código de colección Localización permanente Ubicación/localización actual Ubicación en estantería Fecha de adquisición Número de inventario Total de préstamos Signatura topográfica completa Código de barras Fecha visto por última vez Precio válido a partir de Tipo de ítem Koha
      Excluido de préstamo Monografías: Libros y Folletos General General En catalogación 25.01.2012 LF1   v. 2 36692-10 25.06.2020 25.06.2020 No se presta

Powered by Koha